Piłkarska kariera Iana Rusha. - Statystyki

Ogólne statystyki
  • Ten quiz został rozwiązany 29 razy
  • Średni wynik to 4 z 10
Statystyki odpowiedzi
Lata Drużyna % Poprawnych
1980-1986 Liverpool
96%
1986-1987 Liverpool
96%
1988-1996 Liverpool
96%
1997-1998 Newcastle
29%
1986-1988 Juventus
17%
1996-1997 Leeds
17%
1979-1980 Chester City
8%
1998-1998 Sheffield United
8%
1999-2000 Sydney Olympic
8%
1998-1999 Wrexham
8%
Nie znaleziono quizów pasujących do podanych kryteriów
Rozkład punktacji
Procent ludzi z każdym wynikiem
Percentyl według liczby udzielonych odpowiedzi
Twoja historia wyników
Nie rozwiązałeś tego quizu